Návrh ejektorového chladiaceho okruhu malého výkonu s ekologickou pracovnou látkou R600a (izobután)

Salvato in:
Dettagli Bibliografici
Autore principale: Sahuľ, Lukáš (Autore)
Altri autori: Štrba, Dominik (Relatore della tesi)
Natura: Manoscritto Libro
Lingua:slovacco
Pubblicazione: 2025
Soggetti:
Accesso online:http://is.stuba.sk/zp/portal_zp.pl?podrobnosti=186128
Tags: Aggiungi Tag
Nessun Tag, puoi essere il primo ad aggiungerne!!

MARC

LEADER 00000ntm a22000003a 4500
001 stuzp104100
003 SK-STU
005 20250621210254.3
007 ta
008 150427s2015----xo-----f-mn---000-0-slo-d
040 |a STU  |b slo 
041 0 |a slo 
100 1 |a Sahuľ, Lukáš  |u 020060  |4 aut  |U SjF Strojnícka fakulta  |T SjF Ústav energetických strojov a zariadení  |X 112797  |U J0060  |Y 805  |7 112797 
242 0 1 |a A design of a low-capacity ejector cooling system (ECS) utilizing the environmentally friendly working fluid R600a (isobutane)  |y eng 
245 1 0 |a Návrh ejektorového chladiaceho okruhu malého výkonu s ekologickou pracovnou látkou R600a (izobután) 
260 |c 2025 
650 4 |a výpočtový model  |2 slo 
650 4 |a ejektorový chladiaci okruh  |2 slo 
650 4 |a R600a (izobután)  |2 slo 
650 4 |a geometria ejektora  |2 slo 
650 4 |a geometria injektora  |2 slo 
650 4 |a ejector refrigeration cycle  |2 eng 
650 4 |a R600a (isobutane)  |2 eng 
650 4 |a ejector geometry  |2 eng 
650 4 |a injector geometry  |2 eng 
650 4 |a computational model  |2 eng 
700 1 |a Štrba, Dominik  |u 020060  |k Z2  |4 ths  |U SjF Strojnícka fakulta  |T SjF Ústav energetických strojov a zariadení  |X 63324  |U J0060  |Y 805  |7 63324 
856 4 |u http://is.stuba.sk/zp/portal_zp.pl?podrobnosti=186128